| 000 | 00622nam a22002177a 4500 | ||
|---|---|---|---|
| 001 | 86115 | ||
| 003 | BD-RjUL | ||
| 005 | 20260119095757.0 | ||
| 008 | 260119s1987 us a|||| i||| 00| 0 eng d | ||
| 035 | _a(BD-RjUL)86115 | ||
| 040 |
_aBD-RjUL _beng _cBD-RjUL |
||
| 041 | _aeng | ||
| 082 |
_223 _a658.4 _bSTH 1987 |
||
| 245 |
_aHandbook of Management Skills, _cEdited by Dorothy M Stewart |
||
| 260 |
_aAmerica _bA Gower Handbook _c1987 |
||
| 300 |
_a577 page, _bill, _c24 cm. |
||
| 336 | _2ISBN 0 566 02635 x | ||
| 650 |
_aManagement _vSkills _917610 |
||
| 700 |
_a M Stewart, Dorothy, Edited by _917612 |
||
| 942 |
_2ddc _cBK |
||
| 999 |
_c86115 _d86115 |
||